Caricamento...

Curriculum Development and Instructional Technology/

Dettagli Bibliografici
Autore principale: Dr.Shaila Bhagwan Sarang
Pubblicazione: Ishika Publishing House 2019
LEADER 00354 a2200097 4500
020 |a 9789385302954 
100 |a Dr.Shaila Bhagwan Sarang 
245 |a Curriculum Development and Instructional Technology/ 
260 |b Ishika Publishing House  |c 2019 
999 |c 192510  |d 192510 
952 |0 0  |1 0  |4 0  |7 -1  |9 333315  |a LIB  |b LIB  |d 2020-01-24  |e 3  |g 1151.15  |p 313760  |r 2020-01-24  |v 1495.00  |w 2020-01-24